Cộng sản chuyên đề cơ sở
Spremljeno u:
| Format: | Knjiga |
|---|---|
| Jezik: | Undetermined |
| Izdano: |
Hà Nội
Trung ương Đảng cộng sản Việt Nam
2018
|
| Teme: | |
| Oznake: |
Dodaj oznaku
Bez oznaka, Budi prvi tko označuje ovaj zapis!
|
| Thư viện lưu trữ: | Trung tâm Học liệu Trường Đại học Cần Thơ |
|---|
| LEADER | 00636nam a2200193Ia 4500 | ||
|---|---|---|---|
| 001 | CTU_235191 | ||
| 008 | 210402s9999 xx 000 0 und d | ||
| 020 | |c 0 | ||
| 082 | |a 324 | ||
| 082 | |b C455 | ||
| 245 | 0 | |a Cộng sản chuyên đề cơ sở | |
| 245 | 0 | |c Cơ quan lý luận của Trung ương Đảng cộng sản Việt Nam | |
| 260 | |a Hà Nội | ||
| 260 | |b Trung ương Đảng cộng sản Việt Nam | ||
| 260 | |c 2018 | ||
| 650 | |a Communist parties,Đảng cộng sản | ||
| 650 | |z Vietnam,Việt Nam | ||
| 904 | |i T.Trang | ||
| 980 | |a Trung tâm Học liệu Trường Đại học Cần Thơ | ||